| 000 | 01167nam a2200361 i 4500 | ||
|---|---|---|---|
| 001 | 1491 | ||
| 005 | 20250724160432.0 | ||
| 007 | ta | ||
| 008 | 121119s2002 sp gr 000 0 spa d | ||
| 020 | _a8449308526 | ||
| 040 |
_aCO-BoRNBP _bspa _cCO-BoRNBP _erda |
||
| 041 | 1 | _heng | |
| 082 | 0 | 4 |
_a152.41 _bF76a |
| 100 | 1 |
_aFromm, Erich _d1900-1980 _eautor _961383 |
|
| 245 | 1 | 3 |
_aEl arte de amar _buna investigación sobre la naturaleza del amor _cErich Fromm ; traducción, Nohemi Rosenblatt |
| 250 | _aPrimera edición | ||
| 264 | 1 |
_aBarcelona _bPaidós _bIberica _c2002 |
|
| 300 |
_a128 páginas _c21 cm |
||
| 336 |
_atexto _btxt _2rdacontent |
||
| 337 |
_asin mediación _bn _2rdamedia |
||
| 338 |
_avolumen _bnc _2rdacarrier |
||
| 490 | 0 | _aBiblioteca Erich Fromm | |
| 504 | _aIncluye referencias bibliográficas | ||
| 534 | _tThe art of loving | ||
| 650 | 1 | 7 |
_aAmor _2ARMARC |
| 650 | 1 | 7 |
_aAfecto (Psicología) _2ARMARC _926665 |
| 650 | 1 | 7 |
_aPsicología social _2ARMARC _93146 |
| 650 | 1 | 7 |
_aSentimientos _2ARMARC _961384 |
| 650 | 1 | 7 |
_aÉtica sexual _2ARMARC |
| 650 | 1 | 7 |
_aEmociones _2ARMARC _91815 |
| 700 | 1 |
_aRosenblatt, Noemí _etraductor _961385 |
|
| 942 |
_2ddc _cBK |
||
| 999 |
_c1491 _d1491 |
||